Znani ludzie według inicjałów - imiona na "N" - Statystyki

Ogólne statystyki
  • Ten quiz został rozwiązany 238 razy
  • Średni wynik to 10 z 20
Statystyki odpowiedzi
Inicjały Kim jest ta osoba? Odpowiedź % Poprawnych
NA Amerykański astronauta, pierwszy w historii człowiek, który stanął na Księżycu Neil Armstrong
93%
NB Francuski mąż stanu, dowódca wojskowy i cesarz Francji (można podać imię) Napoleon Bonaparte
92%
NM Południowoafrykański polityk, prezydent RPA w latach 1994-1999, jeden z przywódców ruchu przeciw apartheidowi Nelson Mandela
78%
NK Japoński skoczek narciarski, najstarszy w historii zwycięzca konkursu Pucharu Świata Noriaki Kasai
68%
NT Serbsko-amerykański inżynier, wynalazca m.in. radia, baterii słonecznej czy elektrowni wodnej Nikola Tesla
65%
ND Serbski tenisista, zwycięzca 17 turniejów wielkoszlemowych Novak Djoković
65%
NC Radziecki polityk, sekretarz generalny KPZR i premier ZSRR po śmierci Stalina Nikita Chruszczow
64%
NO Urugwajska piosenkarka i aktorka, znana z piosenki "Cambio Dolor" będącej tematem przewodnim serialu "Zbuntowany anioł", gdzie grała główną rolę Natalia Oreiro
59%
NF Kanadyjska piosenkarka, znana z piosenek takich jak "Say It Right" czy "All Good Things" Nelly Furtado
59%
NS Francuski polityk, prezydent Francji w latach 2007-2012 Nicolas Sarkozy
52%
NJ Amerykański muzyk, wokalista zespołu _____ Brothers Nick Jonas
50%
NL Austriacki kierowca wyścigowy, trzykrotny mistrz Formuły 1 Niki Lauda
50%
NU Polska piosenkarka i aktorka, znana m.in. z roli Oli Raniewskiej w filmie "1920. Bitwa warszawska" Natasza Urbańska
48%
NP Polska tenisistka stołowa, reprezentantka kraju zarówno na igrzyskach olimpijskich, jak i paraolimpijskich Natalia Partyka
46%
NN Kazachski polityk, prezydent Kazachstanu w latach 1991-2019, jego imieniem nazwano obecną stolicę kraju (można podać imię) Nursułtan Nazarbajew
41%
NG Angielski muzyk, gitarzysta i autor tekstów zespołu Oasis Noel Gallagher
18%
NW Brytyjska aktorka, znana z ról m.in. Rachel Keller w "The Ring" czy Betti Elms w "Mulholland Drive" Naomi Watts
16%
NY Kanadyjsko-amerykański muzyk, artysta solowy oraz członek zespołu Buffalo Springfield Neil Young
16%
NR Australijski snookerzysta, mistrz świata z 2010 r., autor ponad 700 breaków stupunktowych Neil Robertson
14%
NH Brytyjski aktor, znany z głównej roli w "Jacku pogromcy olbrzymów" czy Hanka McCoya w serii X-Men Nicholas Hoult
8%
Nie znaleziono quizów pasujących do podanych kryteriów
Rozkład punktacji
Procent ludzi z każdym wynikiem
Percentyl według liczby udzielonych odpowiedzi
Twoja historia wyników
Nie rozwiązałeś tego quizu